[Event "DVM U14w 2020"]
[Site "Willingen GER"]
[Date "2021.06.27"]
[Round "7"]
[White "Bacakova, Klara"]
[Black "Krasikova, Milana"]
[Result "0-1"]
[Termination "normal"]
[Board "6.3"]
[WhiteElo "1173"]
[BlackElo "1077"]
[WhiteClock "01:17:11"]
[BlackClock "00:26:09"]
[WhiteTeam "Schachgemeinschaft Leipzig"]
[BlackTeam "Hamburger SK von 1830"]
[PlyCount "57"]
[WhiteFideId "34605762"]
[BlackFideId "16287347"]
[EventCountry "GER"]
[EventRounds "7"]
[EventType "team-swiss"]
[EventDate "2021.06.23"]

1. d4 {[%clk 1:30:56]} 1... d5 {[%clk 1:30:55]} 2. c4 {[%clk 1:31:18]} 2... e6
{[%clk 1:31:15]} 3. Nc3 {[%clk 1:31:26]} 3... Nf6 {[%clk 1:31:38]} 4. Bf4 {
[%clk 1:31:44]} 4... c6 {[%clk 1:29:44]} 5. Nf3 {[%clk 1:31:10]} 5... Be7 {
[%clk 1:29:37]} 6. e3 {[%clk 1:31:29]} 6... O-O {[%clk 1:29:46]} 7. Bd3 { [%clk
1:31:49]} 7... Nbd7 {[%clk 1:29:20]} 8. O-O {[%clk 1:32:03]} 8... b6 { [%clk
1:28:38]} 9. Bc2 {[%clk 1:32:13]} 9... c5 {[%clk 1:26:27]} 10. Qd3 { [%clk
1:31:22]} 10... Ba6 {[%clk 1:21:58]} 11. Bg5 {[%clk 1:30:50]} 11... Bxc4 {[%clk
1:18:56]} 12. Qd2 {[%clk 1:30:03]} 12... Bxf1 {[%clk 1:18:27]} 13. Rxf1 {[%clk
1:29:40]} 13... g6 {[%clk 1:13:02]} 14. Bh6 {[%clk 1:28:54]} 14... Re8 { [%clk
1:11:04]} 15. Qd3 {[%clk 1:27:05]} 15... c4 {[%clk 1:05:00]} 16. Qd2 { [%clk
1:27:07]} 16... Rc8 {[%clk 0:51:40]} 17. Ne5 {[%clk 1:23:44]} 17... Nxe5 {[%clk
0:47:59]} 18. dxe5 {[%clk 1:24:03]} 18... Ng4 {[%clk 0:46:36]} 19. Bf4 { [%clk
1:22:44]} 19... f6 {[%clk 0:42:01]} 20. exf6 {[%clk 1:22:44]} 20... Bxf6 {[%clk
0:41:04]} 21. h3 {[%clk 1:22:56]} 21... Ne5 {[%clk 0:37:50]} 22. Qe2 { [%clk
1:22:16]} 22... d4 {[%clk 0:34:44]} 23. exd4 {[%clk 1:22:08]} 23... Qxd4 {[%clk
0:34:48]} 24. Be3 {[%clk 1:22:11]} 24... Qh4 {[%clk 0:31:33]} 25. f4 { [%clk
1:21:01]} 25... Nf7 {[%clk 0:30:31]} 26. Bf2 {[%clk 1:20:38]} 26... Qxf4 {[%clk
0:30:05]} 27. Be3 {[%clk 1:19:19]} 27... Qe5 {[%clk 0:27:34]} 28. Bd2 { [%clk
1:16:57]} 28... Qxe2 {[%clk 0:26:09]} 29. Nxe2 {[%clk 1:17:11]} 0-1

[Event "DVM U14w 2020"]
[Site "Willingen GER"]
[Date "2021.06.27"]
[Round "7"]
[White "Abram, Kristina-Maria"]
[Black "Amelang, Jamie Alice"]
[Result "1-0"]
[Termination "normal"]
[Board "6.4"]
[WhiteElo "1076"]
[BlackElo "919"]
[WhiteClock "01:10:28"]
[BlackClock "01:25:54"]
[WhiteTeam "Hamburger SK von 1830"]
[BlackTeam "Schachgemeinschaft Leipzig"]
[PlyCount "91"]
[WhiteFideId "16298349"]
[BlackFideId "34605754"]
[EventCountry "GER"]
[EventRounds "7"]
[EventType "team-swiss"]
[EventDate "2021.06.23"]

1. e4 {[%clk 1:30:57]} 1... e5 {[%clk 1:20:57]} 2. Bc4 {[%clk 1:31:20]} 2...
Bc5 {[%clk 1:21:22]} 3. d3 {[%clk 1:31:42]} 3... d6 {[%clk 1:21:46]} 4. Nc3 {
[%clk 1:32:04]} 4... Nf6 {[%clk 1:22:14]} 5. Bg5 {[%clk 1:32:22]} 5... Nc6 {
[%clk 1:22:39]} 6. Nf3 {[%clk 1:32:35]} 6... h6 {[%clk 1:23:03]} 7. Bh4 { [%clk
1:32:58]} 7... g5 {[%clk 1:23:25]} 8. Bg3 {[%clk 1:33:16]} 8... Be6 { [%clk
1:23:49]} 9. Bb3 {[%clk 1:33:34]} 9... Qd7 {[%clk 1:24:12]} 10. O-O 10... O-O-O
{[%clk 1:24:37]} 11. h4 {[%clk 1:34:05]} 11... a6 {[%clk 1:24:49]} 12. Na4
{[%clk 1:33:46]} 12... Ba7 {[%clk 1:25:03]} 13. Bxe6 {[%clk 1:33:38]} 13...
Qxe6 {[%clk 1:25:16]} 14. c4 {[%clk 1:33:56]} 14... Nd4 {[%clk 1:25:16]} 15.
Nxd4 {[%clk 1:32:46]} 15... exd4 {[%clk 1:25:42]} 16. b4 {[%clk 1:32:37]} 16...
Nd7 {[%clk 1:25:11]} 17. Rb1 {[%clk 1:28:44]} 17... Rdg8 {[%clk 1:24:55]} 18.
Qb3 {[%clk 1:28:38]} 18... gxh4 {[%clk 1:25:14]} 19. Bxh4 Qh3 20. Bg3 { [%clk
1:27:45]} 20... Qg4 {[%clk 1:25:26]} 21. b5 {[%clk 1:27:18]} 21... a5 { [%clk
1:25:43]} 22. Qd1 {[%clk 1:26:08]} 22... Qg5 {[%clk 1:25:46]} 23. Qf3 { [%clk
1:24:43]} 23... h5 {[%clk 1:25:57]} 24. Bf4 {[%clk 1:23:26]} 24... Qg6 { [%clk
1:26:03]} 25. g3 {[%clk 1:23:45]} 25... h4 {[%clk 1:26:27]} 26. Rb2 { [%clk
1:23:32]} 26... hxg3 {[%clk 1:26:51]} 27. fxg3 {[%clk 1:23:53]} 27... Qe6
{[%clk 1:25:59]} 28. Rff2 {[%clk 1:22:45]} 28... Rh3 {[%clk 1:26:02]} 29. Rh2 {
[%clk 1:22:33]} 29... Rgh8 {[%clk 1:26:22]} 30. Rbe2 {[%clk 1:20:31]} 30... f6
{[%clk 1:26:05]} 31. Qf1 {[%clk 1:20:14]} 31... Qg4 {[%clk 1:23:56]} 32. Nb2 {
[%clk 1:17:02]} 32... Nf8 {[%clk 1:24:13]} 33. Nd1 {[%clk 1:13:47]} 33... Ne6 {
[%clk 1:24:23]} 34. Nf2 {[%clk 1:14:04]} 34... Qg6 {[%clk 1:24:31]} 35. Nxh3 {
[%clk 1:14:17]} 35... Re8 {[%clk 1:24:01]} 36. Qg2 {[%clk 1:12:46]} 36... Nc5 {
[%clk 1:23:51]} 37. Nf2 {[%clk 1:11:53]} 37... Na4 {[%clk 1:23:28]} 38. Rh6 {
[%clk 1:11:39]} 38... Qf7 {[%clk 1:23:55]} 39. Ng4 {[%clk 1:11:44]} 39... f5 {
[%clk 1:23:59]} 40. Rf6 {[%clk 1:10:55]} 40... Qg7 {[%clk 1:24:16]} 41. exf5 {
[%clk 1:10:11]} 41... Qxg4 {[%clk 1:24:35]} 42. Rxe8+ {[%clk 1:10:24]} 42...
Kd7 {[%clk 1:25:00]} 43. Qxb7 {[%clk 1:09:49]} 43... Qd1+ {[%clk 1:25:14]} 44.
Kh2 {[%clk 1:10:07]} 44... Qc2+ {[%clk 1:25:33]} 45. Kh3 {[%clk 1:10:28]} 45...
Nb6 {[%clk 1:25:54]} 46. Qc6# 1-0

[Event "DVM U14w 2020"]
[Site "Willingen GER"]
[Date "2021.06.27"]
[Round "7"]
[White "Gerlach, Lorena"]
[Black "Adelmeyer, Nelly"]
[Result "0-1"]
[Termination "normal"]
[Board "7.1"]
[WhiteElo "1040"]
[BlackElo "1458"]
[WhiteClock "00:50:51"]
[BlackClock "00:20:46"]
[WhiteTeam "SchachAkademiePaderborn e. V."]
[BlackTeam "SV Roter Turm Halle"]
[PlyCount "130"]
[WhiteFideId "34605738"]
[BlackFideId "16203577"]
[EventCountry "GER"]
[EventRounds "7"]
[EventType "team-swiss"]
[EventDate "2021.06.23"]

1. d4 {[%clk 1:30:48]} 1... c5 {[%clk 1:30:23]} 2. Nf3 {[%clk 1:30:47]} 2... e6
{[%clk 1:30:34]} 3. g3 {[%clk 1:31:01]} 3... d5 {[%clk 1:30:29]} 4. c4 { [%clk
1:30:32]} 4... dxc4 {[%clk 1:24:06]} 5. Qa4+ {[%clk 1:30:42]} 5... Nc6 { [%clk
1:24:23]} 6. Qxc4 {[%clk 1:30:58]} 6... cxd4 {[%clk 1:23:38]} 7. Bg2 { [%clk
1:29:59]} 7... Nge7 {[%clk 1:14:39]} 8. O-O {[%clk 1:27:23]} 8... e5 { [%clk
1:12:45]} 9. Rd1 {[%clk 1:25:49]} 9... Be6 {[%clk 1:12:37]} 10. Qa4 { [%clk
1:24:10]} 10... f6 {[%clk 1:10:07]} 11. e3 {[%clk 1:21:45]} 11... Bd7 { [%clk
1:06:55]} 12. Qc4 {[%clk 1:18:08]} 12... Na5 {[%clk 1:01:22]} 13. Qd3 { [%clk
1:15:10]} 13... Bf5 {[%clk 0:58:19]} 14. Qb5+ {[%clk 1:09:21]} 14... Bd7 {[%clk
0:52:46]} 15. Qd3 {[%clk 1:08:42]} 15... dxe3 {[%clk 0:50:50]} 16. Bxe3 {[%clk
1:08:41]} 16... Nf5 {[%clk 0:42:27]} 17. Bh3 {[%clk 1:02:41]} 17... Qc8 {[%clk
0:37:47]} 18. Nh4 {[%clk 1:00:58]} 18... Nd4 {[%clk 0:31:26]} 19. Bxd7+ {[%clk
0:58:43]} 19... Qxd7 {[%clk 0:31:39]} 20. Bxd4 {[%clk 0:57:14]} 20... Rd8
{[%clk 0:31:19]} 21. Qf5 {[%clk 0:53:40]} 21... Qxf5 {[%clk 0:27:37]} 22. Nxf5
{[%clk 0:53:30]} 22... Nc6 {[%clk 0:27:24]} 23. Nc3 {[%clk 0:53:06]} 23... Nxd4
{[%clk 0:26:52]} 24. Nxd4 {[%clk 0:52:52]} 24... exd4 {[%clk 0:26:46]} 25. Nb5
{[%clk 0:52:32]} 25... Bc5 {[%clk 0:27:01]} 26. Re1+ {[%clk 0:49:58]} 26... Kf7
{[%clk 0:26:37]} 27. Nc7 {[%clk 0:47:58]} 27... Rd7 {[%clk 0:26:26]} 28. Nb5
{[%clk 0:46:40]} 28... a6 {[%clk 0:25:38]} 29. Na3 {[%clk 0:46:42]} 29... Bxa3
{[%clk 0:25:38]} 30. bxa3 {[%clk 0:47:02]} 30... Re8 {[%clk 0:25:53]} 31. Rxe8
{[%clk 0:47:12]} 31... Kxe8 {[%clk 0:26:19]} 32. Kf1 {[%clk 0:47:11]} 32... Rc7
{[%clk 0:22:47]} 33. Ke2 {[%clk 0:47:16]} 33... Rc3 {[%clk 0:22:55]} 34. Rd1
{[%clk 0:46:13]} 34... Rxa3 {[%clk 0:22:59]} 35. Rxd4 35... Rxa2+ { [%clk
0:23:23]} 36. Ke3 {[%clk 0:47:02]} 36... a5 {[%clk 0:21:59]} 37. Kd3 { [%clk
0:47:09]} 37... Rxf2 {[%clk 0:22:18]} 38. Re4+ {[%clk 0:47:26]} 38... Kf7
{[%clk 0:21:51]} 39. Rh4 {[%clk 0:47:01]} 39... h6 {[%clk 0:20:48]} 40. Ra4 {
[%clk 0:46:43]} 40... b6 {[%clk 0:20:46]} 41. h4 {[%clk 0:46:58]} 41... Rf3+ {
[%clk 0:20:56]} 42. Ke4 {[%clk 0:46:42]} 42... Rxg3 {[%clk 0:21:06]} 43. Kd5 {
[%clk 0:46:47]} 43... Rb3 {[%clk 0:21:13]} 44. Rc4 {[%clk 0:46:48]} 44... Rb5+
{[%clk 0:20:17]} 45. Kd6 {[%clk 0:46:30]} 45... Rb4 {[%clk 0:18:07]} 46. Rc7+ {
[%clk 0:46:25]} 46... Kg6 {[%clk 0:18:11]} 47. h5+ {[%clk 0:46:32]} 47... Kxh5
{[%clk 0:17:07]} 48. Rxg7 {[%clk 0:46:52]} 48... a4 {[%clk 0:17:31]} 49. Ra7 {
[%clk 0:47:07]} 49... b5 {[%clk 0:16:24]} 50. Kc5 {[%clk 0:47:17]} 50... Rb3 {
[%clk 0:16:41]} 51. Rd7 {[%clk 0:47:21]} 51... a3 {[%clk 0:16:15]} 52. Rd5+ {
[%clk 0:47:09]} 52... Kg6 {[%clk 0:16:39]} 53. Rd1 {[%clk 0:47:22]} 53... a2 {
[%clk 0:16:32]} 54. Ra1 {[%clk 0:47:34]} 54... Rb2 {[%clk 0:16:58]} 55. Rxa2 {
[%clk 0:47:18]} 55... Rxa2 {[%clk 0:17:23]} 56. Kxb5 {[%clk 0:47:40]} 56... Rc2
{[%clk 0:17:36]} 57. Kb4 {[%clk 0:48:03]} 57... h5 {[%clk 0:17:52]} 58. Kb3 {
[%clk 0:48:26]} 58... Rc8 {[%clk 0:18:01]} 59. Kb4 {[%clk 0:48:41]} 59... h4 {
[%clk 0:18:24]} 60. Kb5 {[%clk 0:49:04]} 60... h3 {[%clk 0:18:50]} 61. Kb6 {
[%clk 0:49:29]} 61... h2 {[%clk 0:19:14]} 62. Kb7 {[%clk 0:49:54]} 62... Rc2 {
[%clk 0:19:38]} 63. Kb6 {[%clk 0:50:08]} 63... h1=Q {[%clk 0:19:58]} 64. Kb5 {
[%clk 0:50:31]} 64... Qb1+ {[%clk 0:20:22]} 65. Ka4 {[%clk 0:50:51]} 65... Ra2#
{[%clk 0:20:46]} 0-1

[Event "DVM U14w 2020"]
[Site "Willingen GER"]
[Date "2021.06.27"]
[Round "7"]
[White "Lorenz, Anouk"]
[Black "Henzel, Leonie"]
[Result "0-1"]
[Termination "normal"]
[Board "7.2"]
[WhiteElo "1460"]
[BlackElo "1020"]
[WhiteClock "00:25:01"]
[BlackClock "01:02:04"]
[WhiteTeam "SV Roter Turm Halle"]
[BlackTeam "SchachAkademiePaderborn e. V."]
[PlyCount "92"]
[WhiteFideId "12990256"]
[BlackFideId "34605720"]
[EventCountry "GER"]
[EventRounds "7"]
[EventType "team-swiss"]
[EventDate "2021.06.23"]

1. e4 {[%clk 1:30:59]} 1... e6 {[%clk 1:30:41]} 2. d4 {[%clk 1:31:23]} 2... d5
{[%clk 1:30:54]} 3. e5 {[%clk 1:31:24]} 3... c5 {[%clk 1:31:02]} 4. Nf3 { [%clk
1:31:38]} 4... Qb6 {[%clk 1:30:19]} 5. c3 {[%clk 1:29:18]} 5... Nc6 { [%clk
1:30:05]} 6. b3 {[%clk 1:27:10]} 6... Bd7 {[%clk 1:29:39]} 7. Be3 { [%clk
1:26:28]} 7... cxd4 {[%clk 1:27:39]} 8. Bxd4 {[%clk 0:58:30]} 8... Nxd4 { [%clk
1:24:19]} 9. Nxd4 {[%clk 0:58:25]} 9... Ne7 {[%clk 1:21:11]} 10. a4 { [%clk
0:40:54]} 10... a6 {[%clk 1:12:46]} 11. a5 {[%clk 0:37:23]} 11... Qc7 { [%clk
1:11:14]} 12. f4 {[%clk 0:36:01]} 12... Nc6 {[%clk 1:07:34]} 13. b4 { [%clk
0:32:15]} 13... Be7 {[%clk 1:05:48]} 14. Nxc6 {[%clk 0:29:27]} 14... Qxc6
{[%clk 1:05:24]} 15. h4 {[%clk 0:27:18]} 15... O-O {[%clk 1:02:42]} 16. Ra2 {
[%clk 0:19:47]} 16... Rfc8 {[%clk 0:57:37]} 17. Rd2 {[%clk 0:10:13]} 17... Be8
{[%clk 0:49:59]} 18. g4 {[%clk 0:09:23]} 18... b6 19. axb6 {[%clk 0:07:27]}
19... Qxb6 {[%clk 0:47:38]} 20. Rh3 {[%clk 0:06:33]} 20... Bb5 {[%clk 0:46:20]}
21. Qf3 {[%clk 0:05:43]} 21... Bxf1 {[%clk 0:45:01]} 22. Kxf1 {[%clk 0:05:48]}
22... a5 {[%clk 0:44:54]} 23. Qf2 {[%clk 0:04:11]} 23... Qb5+ {[%clk 0:43:21]}
24. Qe2 {[%clk 0:03:46]} 24... Rc4 {[%clk 0:40:51]} 25. Rd4 {[%clk 0:03:37]}
25... Qa4 {[%clk 0:38:42]} 26. Rxc4 {[%clk 0:03:42]} 26... dxc4 {[%clk 0:38:11]
} 27. bxa5 {[%clk 0:02:15]} 27... Rxa5 {[%clk 0:37:54]} 28. Kg2 {[%clk 0:01:51]
} 28... Qb3 {[%clk 0:37:25]} 29. Nd2 {[%clk 0:01:30]} 29... Ra2 {[%clk 0:37:21]
} 30. Kf1 {[%clk 0:01:02]} 30... Qb2 {[%clk 0:36:17]} 31. Rh2 {[%clk 0:01:09]}
31... Qxc3 {[%clk 0:35:55]} 32. Qf3 {[%clk 0:00:37]} 32... Ra1+ {[%clk 0:35:48]
} 33. Ke2 {[%clk 0:00:35]} 33... Qc1 {[%clk 0:34:49]} 34. Qf1 {[%clk 0:00:31]}
34... Qxd2+ {[%clk 0:33:03]} 35. Kxd2 {[%clk 0:00:52]} 35... Rxf1 { [%clk
0:33:21]} 36. Ke3 {[%clk 0:01:05]} 36... f6 {[%clk 0:32:17]} 37. Rc2 { [%clk
0:00:33]} 37... fxe5 {[%clk 0:32:35]} 38. fxe5 {[%clk 0:00:45]} 38... Bxh4
{[%clk 0:32:44]} 39. Rxc4 {[%clk 0:01:03]} 39... Re1+ {[%clk 0:32:17]} 40. Kf3
{[%clk 0:00:49]} 40... Rxe5 {[%clk 0:32:27]} 41. Rc8+ {[%clk 0:29:29]} 41...
Kf7 {[%clk 1:02:33]} 42. Kf4 {[%clk 0:27:29]} 42... Re1 {[%clk 1:02:38]} 43. g5
{[%clk 0:26:41]} 43... Kg6 {[%clk 1:02:44]} 44. Rc5 {[%clk 0:25:25]} 44... e5+
{[%clk 1:02:20]} 45. Kg4 {[%clk 0:25:12]} 45... Bxg5 {[%clk 1:01:59]} 46. Rc6+
{[%clk 0:25:01]} 46... Bf6 {[%clk 1:02:04]} 0-1

[Event "DVM U14w 2020"]
[Site "Willingen GER"]
[Date "2021.06.27"]
[Round "7"]
[White "Khoja, Maya"]
[Black "Derling, Charlotte"]
[Result "0-1"]
[Termination "normal"]
[Board "7.3"]
[WhiteElo "828"]
[BlackElo "1406"]
[WhiteClock "00:27:34"]
[BlackClock "00:14:08"]
[WhiteTeam "SchachAkademiePaderborn e. V."]
[BlackTeam "SV Roter Turm Halle"]
[PlyCount "106"]
[WhiteFideId "34606157"]
[BlackFideId "16222237"]
[EventCountry "GER"]
[EventRounds "7"]
[EventType "team-swiss"]
[EventDate "2021.06.23"]

1. d4 {[%clk 1:30:57]} 1... d5 {[%clk 1:30:42]} 2. Nf3 {[%clk 1:31:12]} 2...
Nf6 {[%clk 1:30:36]} 3. g3 {[%clk 1:31:29]} 3... Bf5 {[%clk 1:29:30]} 4. Bg2 {
[%clk 1:31:34]} 4... e6 {[%clk 1:29:04]} 5. c4 {[%clk 1:31:36]} 5... c6 { [%clk
1:28:04]} 6. c5 {[%clk 1:28:28]} 6... Nbd7 {[%clk 1:24:58]} 7. b4 { [%clk
1:25:32]} 7... a5 {[%clk 1:24:08]} 8. Bd2 {[%clk 1:24:31]} 8... axb4 { [%clk
1:21:45]} 9. Bxb4 {[%clk 1:24:16]} 9... b6 {[%clk 1:20:28]} 10. Qc1 { [%clk
1:21:06]} 10... bxc5 {[%clk 1:08:00]} 11. dxc5 {[%clk 1:15:49]} 11... Bxc5
{[%clk 1:03:29]} 12. Bxc5 {[%clk 1:15:01]} 12... Qa5+ {[%clk 1:03:25]} 13. Nbd2
{[%clk 1:12:25]} 13... Qxc5 {[%clk 0:55:17]} 14. O-O {[%clk 1:11:57]} 14... O-O
{[%clk 0:54:30]} 15. Ne5 {[%clk 1:10:04]} 15... Qxc1 {[%clk 0:53:37]} 16. Rfxc1
{[%clk 1:07:01]} 16... Nxe5 {[%clk 0:52:07]} 17. f4 {[%clk 1:05:46]} 17... Ned7
{[%clk 0:45:02]} 18. Rxc6 {[%clk 1:05:07]} 18... h6 {[%clk 0:40:35]} 19. Nb3
{[%clk 0:57:59]} 19... Rfb8 {[%clk 0:37:23]} 20. Rc3 {[%clk 0:51:31]} 20... Ra3
{[%clk 0:34:25]} 21. h3 {[%clk 0:46:05]} 21... Ne4 {[%clk 0:25:41]} 22. Bxe4
{[%clk 0:45:34]} 22... Bxe4 {[%clk 0:24:36]} 23. Kf1 {[%clk 0:41:21]} 23...
Rba8 {[%clk 0:21:40]} 24. Rc7 {[%clk 0:39:29]} 24... Rxb3 {[%clk 0:19:24] } 25.
Rxd7 {[%clk 0:37:23]} 25... Rb1+ {[%clk 0:19:40]} 26. Rxb1 { [%clk 0:37:39]}
26... Bxb1 {[%clk 0:20:00]} 27. g4 {[%clk 0:36:11]} 27... Rxa2 {[%clk 0:19:13]}
28. Rd8+ {[%clk 0:36:20]} 28... Kh7 {[%clk 0:19:30]} 29. Ke1 { [%clk 0:34:47]}
29... Ra3 {[%clk 0:18:11]} 30. h4 {[%clk 0:32:30]} 30... Rh3 { [%clk 0:14:23]}
31. h5 {[%clk 0:31:06]} 31... Rh4 {[%clk 0:13:07]} 32. f5 { [%clk 0:30:51]}
32... Rxg4 {[%clk 0:12:39]} 33. fxe6 {[%clk 0:30:56]} 33... fxe6 {[%clk
0:12:58]} 34. Rd6 {[%clk 0:31:04]} 34... Bf5 {[%clk 0:13:00]} 35. Kf2 {[%clk
0:30:49]} 35... Rh4 {[%clk 0:12:59]} 36. Kf3 {[%clk 0:30:06]} 36... Rxh5 {[%clk
0:12:54]} 37. Kf4 {[%clk 0:30:00]} 37... Kg6 {[%clk 0:12:36]} 38. Ke5 {[%clk
0:29:03]} 38... Rh2 {[%clk 0:12:07]} 39. e3 {[%clk 0:28:21]} 39... Rh3 {[%clk
0:11:41]} 40. e4 {[%clk 0:28:02]} 40... dxe4 {[%clk 0:11:38]} 41. Ra6 {[%clk
0:26:57]} 41... e3 {[%clk 0:10:52]} 42. Ra3 {[%clk 0:26:46]} 42... e2 {[%clk
0:11:03]} 43. Rxh3 {[%clk 0:27:00]} 43... Bxh3 {[%clk 0:11:21]} 44. Kd4 {[%clk
0:27:09]} 44... e1=Q {[%clk 0:11:40]} 45. Kd3 {[%clk 0:27:16]} 45... e5 {[%clk
0:11:47]} 46. Kc4 {[%clk 0:27:09]} 46... Qd2 {[%clk 0:12:06]} 47. Kc5 {[%clk
0:27:06]} 47... e4 {[%clk 0:12:30]} 48. Kc4 {[%clk 0:27:21]} 48... e3 { [%clk
0:12:56]} 49. Kc5 {[%clk 0:27:42]} 49... e2 {[%clk 0:13:19]} 50. Kc4 { [%clk
0:28:05]} 50... e1=Q {[%clk 0:13:41]} 51. Kc5 {[%clk 0:28:22]} 51... Qec1+
{[%clk 0:14:03]} 52. Kb5 {[%clk 0:28:40]} 52... Qdb2+ {[%clk 0:14:08]} 53. Ka4
{[%clk 0:27:34]} 53... Qca1# 0-1

[Event "DVM U14w 2020"]
[Site "Willingen GER"]
[Date "2021.06.27"]
[Round "7"]
[White "Hesse, Sariana"]
[Black "Gruber, Florentine"]
[Result "0-1"]
[Termination "normal"]
[Board "7.4"]
[WhiteElo "1048"]
[BlackElo "988"]
[WhiteClock "00:57:38"]
[BlackClock "01:14:06"]
[WhiteTeam "SV Roter Turm Halle"]
[BlackTeam "SchachAkademiePaderborn e. V."]
[PlyCount "56"]
[WhiteFideId "34605843"]
[BlackFideId "34605711"]
[EventCountry "GER"]
[EventRounds "7"]
[EventType "team-swiss"]
[EventDate "2021.06.23"]

1. d4 {[%clk 1:30:58]} 1... Nf6 {[%clk 1:30:52]} 2. Nf3 {[%clk 1:29:50]} 2...
d5 {[%clk 1:30:49]} 3. g3 {[%clk 1:29:20]} 3... g6 {[%clk 1:31:02]} 4. Bg2 {
[%clk 1:29:40]} 4... Bg7 {[%clk 1:31:24]} 5. b3 {[%clk 1:29:38]} 5... O-O {
[%clk 1:31:11]} 6. Bb2 {[%clk 1:29:54]} 6... c5 {[%clk 1:30:40]} 7. O-O { [%clk
1:30:00]} 7... Ne4 {[%clk 1:29:37]} 8. Nbd2 {[%clk 1:29:25]} 8... Nxd2 { [%clk
1:29:35]} 9. Qxd2 {[%clk 1:28:30]} 9... Nc6 {[%clk 1:29:01]} 10. Rad1 { [%clk
1:27:38]} 10... Bf5 {[%clk 1:27:11]} 11. c3 e6 12. Qe3 {[%clk 1:24:10]} 12...
Qa5 {[%clk 1:23:50]} 13. Ra1 {[%clk 1:22:30]} 13... b6 {[%clk 1:23:03]} 14. Ne5
Nxe5 15. dxe5 {[%clk 1:17:38]} 15... Rad8 {[%clk 1:20:43]} 16. Rfd1 { [%clk
1:12:12]} 16... Qb5 {[%clk 1:19:20]} 17. c4 {[%clk 1:11:09]} 17... dxc4 { [%clk
1:19:18]} 18. Rxd8 {[%clk 1:09:18]} 18... Rxd8 {[%clk 1:19:34]} 19. Rc1 { [%clk
1:07:00]} 19... cxb3 {[%clk 1:19:14]} 20. axb3 {[%clk 1:06:13]} 20... Rc8
{[%clk 1:17:19]} 21. Bb7 {[%clk 1:04:55]} 21... Rc7 {[%clk 1:16:35]} 22. Qd2 {
[%clk 1:02:16]} 22... Rxb7 {[%clk 1:15:33]} 23. Qd8+ {[%clk 1:01:20]} 23... Bf8
{[%clk 1:15:47]} 24. Rd1 {[%clk 1:00:28]} 24... Qxe2 {[%clk 1:15:17]} 25. Rd7 {
[%clk 0:59:07]} 25... Rxd7 {[%clk 1:14:52]} 26. Qxd7 {[%clk 0:59:21]} 26...
Qxb2 {[%clk 1:14:45]} 27. Qd1 {[%clk 0:57:54]} 27... Qxe5 {[%clk 1:14:33]} 28.
Qf1 {[%clk 0:57:38]} 28... Qc3 {[%clk 1:14:06]} 0-1

[Event "DVM U14w 2020"]
[Site "Willingen GER"]
[Date "2021.06.27"]
[Round "7"]
[White "Kanno, Clara Yumi"]
[Black "Roncea, Andrea-Alexandra"]
[Result "0-1"]
[Termination "normal"]
[Board "8.1"]
[WhiteElo "1093"]
[BlackElo "1619"]
[WhiteTeam "Schachfreunde Essen-Werden"]
[BlackTeam "SC Papenburg"]
[PlyCount "78"]
[WhiteFideId "16259661"]
[BlackFideId "16233115"]
[EventCountry "GER"]
[EventRounds "7"]
[EventType "team-swiss"]
[EventDate "2021.06.23"]

1. e4 e5 2. Nf3 Nc6 3. Bc4 Bc5 4. c3 Nf6 5. d3 a6 6. Bb3 Ba7 7. Nbd2 d6 8. h3
O-O 9. Nf1 Ne7 10. Bg5 Ng6 11. Ng3 c6 12. Nh5 Qb6 13. Nxf6+ gxf6 14. Be3 Qd8
15. Bh6 Re8 16. Nh2 d5 17. exd5 cxd5 18. Ng4 f5 19. Nh2 Qh4 20. O-O Qxh6 21.
Bxd5 Nf4 22. Bf3 Qg6 23. Kh1 e4 24. dxe4 fxe4 25. Bxe4 Qxe4 26. f3 Qg6 27. Ng4
h5 28. Qc1 Ne2 29. Qe1 hxg4 30. fxg4 Qd6 31. Rf3 Bb8 32. g3 Nxg3+ 33. Rxg3
Rxe1+ 34. Rxe1 Qxg3 35. Re8+ Kg7 36. Re2 Qxh3+ 37. Kg1 Ba7+ 38. Rf2 Qg3+ 39.
Kf1 Qxf2# 0-1

[Event "DVM U14w 2020"]
[Site "Willingen GER"]
[Date "2021.06.27"]
[Round "7"]
[White "Zöllner, Bente"]
[Black "Symanski, Linda"]
[Result "1-0"]
[Termination "normal"]
[Board "8.2"]
[WhiteElo "1614"]
[BlackElo "1012"]
[WhiteTeam "SC Papenburg"]
[BlackTeam "Schachfreunde Essen-Werden"]
[PlyCount "135"]
[WhiteFideId "16230523"]
[BlackFideId "16284534"]
[EventCountry "GER"]
[EventRounds "7"]
[EventType "team-swiss"]
[EventDate "2021.06.23"]

1. d4 d5 2. Nf3 Bg4 3. c4 c6 4. Nc3 Nf6 5. Bg5 Nbd7 6. h3 Bxf3 7. gxf3 h6 8.
Bh4 e6 9. cxd5 exd5 10. e4 Be7 11. Qc2 Nf8 12. Bd3 Ne6 13. Ne2 Rc8 14. Rc1 Nd7
15. Bxe7 Qxe7 16. e5 g6 17. Qb3 Nb6 18. a4 Rb8 19. a5 Nd7 20. Qc3 Rg8 21. Rg1
Qh4 22. Bf5 Ke7 23. Qa3+ Kd8 24. Bxe6 fxe6 25. Rg3 Rc8 26. Qd6 Qe7 27. Qxe7+
Kxe7 28. f4 Kd8 29. Kd2 c5 30. Rgc3 b6 31. axb6 axb6 32. dxc5 bxc5 33. h4 Kc7
34. Nd4 Kd8 35. Nxe6+ Ke7 36. Nxc5 Nxc5 37. Rxc5 Rcd8 38. Rc7+ Ke6 39. Ke3 Rb8
40. R7c6+ Kf5 41. Rd1 Rxb2 42. Rf6+ Kg4 43. Rxd5 Kxh4 44. Rd1 Rb3+ 45. Ke2 Rb2+
46. Kf3 Rb3+ 47. Kg2 Kg4 48. Rg1 h5 49. Kf1+ Kh4 50. Rgxg6 Rxg6 51. Rxg6 Kh3
52. Rg3+ Rxg3 53. fxg3 Kxg3 54. e6 Kxf4 55. e7 h4 56. e8=Q Kg3 57. Kg1 Kf4 58.
Qe2 Kf5 59. Qe3 Kg4 60. Qf2 Kg5 61. Qf3 Kh6 62. Qg4 Kh7 63. Kh2 Kh6 64. Kh3 Kh7
65. Kxh4 Kh6 66. Kg3 Kh7 67. Kf4 Kh8 68. Kf5 1-0